| 000 | 00707nam a2200217 a 4500 | ||
|---|---|---|---|
| 005 | 20210219160254.0 | ||
| 008 | 081003s1988 mx r 000 0 spa d | ||
| 020 | _a9682922682 | ||
| 035 | _aUPN01000162064 | ||
| 049 | _aUNE | ||
| 080 | _a37.102 (72) "1988" ALG No.9. | ||
| 245 | 0 | 0 |
_aAlgunos tópicos sobre investigación y educación / _cRosa María Barrientos... (et al.) |
| 260 |
_aMéxico : _bUPN, _c1988. |
||
| 300 | _a201 p. | ||
| 440 | 0 |
_adocumentos de investigación educativa ; _v9 |
|
| 500 | _aIncluye bibliografía | ||
| 690 | _aInvestigacion educacional- Mexico | ||
| 700 | 1 | _aBarrientos, Rosa María, coaut | |
| 710 | 2 | _aUniversidad Pedagógica Nacional. (México) | |
| 905 | _aUNESCO | ||
| 999 |
_c134177 _d134177 |
||